| 000 | 00575 a2200181 4500 | ||
|---|---|---|---|
| 003 | Nust | ||
| 005 | 20170207153552.0 | ||
| 040 | _cNust | ||
| 082 | _a621.382 | ||
| 100 | _aRehman, Madeeha (MSEE-13) | ||
| 245 |
_aHandover between WiMAX and long term evolution _cMadeeha Rehman, |
||
| 260 |
_bMCS, NUST _cDecember 2009 _aRawalpindi |
||
| 300 | _axi, 68 ,p; | ||
| 505 | _aIntroduction (Page-1) Literature survey (page-5) Methodology (Page-33) Simulation and results (Page-45) Conclusion (page-65) | ||
| 538 | _aAlmirah No 69 Shelf No 2 | ||
| 650 | _aPG Thesis | ||
| 651 | _aMSEE-13 | ||
| 942 | _cTHS | ||
| 999 |
_c188928 _d188928 |
||